| 000 | 01213nam a2200205Ia 4500 | ||
|---|---|---|---|
| 999 |
_c37974 _d37974 |
||
| 001 | 3956 | ||
| 003 | GE_BSU | ||
| 005 | 20190910170304.0 | ||
| 008 | 181216s2002||||ge |||||||||||||| ||geo|| | ||
| 040 | _cGE_BSU | ||
| 041 | _ageo | ||
| 080 | _a08(479.223) კ–83 | ||
| 245 |
_aკრებული : _bტ. 2 / _cსარედ. კოლეგია : ნური ვერძაძე და სხვ. ; ბათუმის შოთა რუსთაველის სახ. სახელმწიფო უნ–ტი. მემედ აბაშიძის სახ; სამეცნიერო–კვლევითი ცენტრი. |
||
| 264 |
_aბათუმი : _bბათუმის უნ–ტი , _c2002. |
||
| 300 |
_a285 გვ. ; _b20 სმ. |
||
| 653 | _aკრებული | ||
| 700 |
_aვერძაძე, ნური _eრედაქტორი _93469 |
||
| 710 |
_aბათუმის შოთა რუსთაველის სახ. სახელმწიფო უნ–ტი. _bმემედ აბაშიძის სახ; სამეცნიერო–კვლევითი ცენტრი. _93947 |
||
| 942 |
_cBK _2udc |
||